000 00467pab a2200169 454500
008 180718b2004 xxu||||| |||| 00| 0 eng d
100 _aArter, David
245 _aParliamentary democracy in Scandinavia
260 _c2004
300 _ap.581-600.
362 _aJul
650 _aParliamentary democracy - Scandinavia
650 _aScandinavia - Politics and government
650 _aPolitics and government
773 _aParliamentary Affairs
909 _a61719
999 _c61719
_d61719